000 00502nam a2200169 i 4500
001 86093
003 ES-MaACL
005 20230906175354.0
007 t|
008 041207s1969 sp ||||1| spa d
100 1 _aKany, Charles E.
_967511
245 1 0 _aSintaxis hispano-americana /
_cCharles E. Kany ; versión de Martín Blanco Alvarez.
260 _aMadrid :
_bGredos,
_c[1969]
300 _a550 p. ;
_c20 cm.
700 1 _aBlanco Alvarez, Martín.
_929218
852 _aES-MaACL
_jC-39435
_bR.72323
999 _c86093
_d86093